| 000 | 03133nam0a22004691 4500 | ||
|---|---|---|---|
| 001 | RU\NLR\BIBL_A\012636899 | ||
| 005 | 20231030105437.0 | ||
| 010 |
_a978-5-88431-395-8 _9300 |
||
| 021 |
_aRU _bКН-П-21-060496 _9КН-П-21-4720 |
||
| 035 | _a(NLR Aleph) 012636899 | ||
| 090 |
_a12683753 _c12683753 |
||
| 100 | _a20211108d2021 k y0rusy50 ca | ||
| 101 | 0 |
_arus _aeng |
|
| 102 | _aRU | ||
| 105 | _aach|z|||001zb | ||
| 181 | 0 |
_ai _baxxe |
|
| 182 | 0 | _an | |
| 200 | 1 |
_aЭтнографическое собрание Н.Н. Миклухо-Маклая _dThe Ethnographic Collection of Nikolai N. Mikluho-Maclay _eматериалы и исследования по источниковедению и атрибуции _fЛ. А. Иванова _gответственные редакторы: Е. В. Ревуненкова, Т. И. Шаскольская _gРоссийская академия наук, Музей антропологии и этнографии им. Петра Великого (Кунсткамера), Институт этнологии и антропологии им. Н. Н. Миклухо-Маклая _zeng |
|
| 203 |
_aТекст _bвизуальный _cнепосредственный |
||
| 210 |
_aСанкт-Петербург _cМАЭ РАН _d2021 |
||
| 215 |
_a204, [8] с., [55] л. ил., цв. ил., портр., факс. _cил. _d30 |
||
| 225 | 1 |
_aСерия КА "Кунсткамера - Архив" _dKA Series "Kunstkamera - Archives" _vт. 9 _zeng |
|
| 300 | _aАвт. также на англ. яз.: L. A. Ivanova | ||
| 300 | _aЧасть текста парал. рус., англ. | ||
| 320 | _aБиблиогр. в примеч.: с. 165-179, с. 184-197 и в тексте | ||
| 320 | _aУказ. имен: с. 198-201 | ||
| 320 | _aУказ. геогр. назв. в конце кн. | ||
| 510 | 1 |
_6z11790 _aThe Ethnographic Collection of Nikolai N. Mikluho-Maclay _zeng |
|
| 601 | 0 | 2 |
_aМузей антропологии и этнографии им. Петра Великого _cСанкт-Петербург, город _xЭтнографические коллекции _2nlr_sh1 _2nlr_sh2 _3RU\NLR\AUTH\661324473 |
| 686 | 1 | _aТ5е(2)л61 | |
| 700 | 1 |
_aИванова _bЛ. А. _cканд. ист. наук, этнограф _f1941-2017 _gЛюдмила Алексеевна _3RU\NLR\AUTH\7729645 |
|
| 702 | 1 |
_aМиклухо-Маклай _bН. Н. _cэтнограф, антрополог, путешественник _f1846-1888 _gНиколай Николаевич _3RU\NLR\AUTH\7713928 _4280 |
|
| 712 | 0 | 2 |
_aМузей антропологии и этнографии им. Петра Великого _cСанкт-Петербург _3RU\NLR\AUTH\886338 _4570 |
| 790 | 1 |
_6z11510 _aIvanova _bL. A. _cканд. ист. наук, этнограф _f1941-2017 _gLjudmila Alekseevna _3RU\NLR\AUTH\770236110 |
|
| 852 |
_aNLR _bОЛСАА-сл-спр _j5-580 |
||
| 942 | _cBOOK | ||
| 980 | 1 | _aSL_SPR | |
| 980 | _aNB | ||